| 000 | 01263nam a2200265 a 4500 | ||
|---|---|---|---|
| 001 | 000025020 | ||
| 003 | DO-SdBNP | ||
| 005 | 20250428113921.0 | ||
| 008 | 110209s2000 dr ad 001 0 spa d | ||
| 020 | _a9993481505 | ||
| 040 |
_aDO-SdBNP _bspa _cBNPHU |
||
| 082 |
_a323.34 _bR426p |
||
| 110 | 1 |
_aRepública Dominicana. _bSecretaría de Estado de la Mujer _938238 |
|
| 245 | 1 | 0 |
_aPlan nacional de equidad de género (PLANEG) : _bacciones coordinadas desde el Estado para el desarrollo de la mujer. |
| 260 |
_aSanto Domingo : _bSEM, FNUAP, _c2000. |
||
| 300 |
_a151 p. : _bil., gráfcs. ; _c29 cm. |
||
| 505 | 0 |
_gPresentación -- _tIntroducción -- _tComunicación y cultura -- _tEducación -- _tEconomía, producción y empleo -- _tSalud y no violencia -- _tParticipación política y social -- _tLegislación -- _tMedio ambiente y desarrollo sostenible -- _tCondiciones consideradas decisivas para la ejecución del Planeg -- _tAnexos. |
|
| 590 | _aInventariado, 2018/BT | ||
| 650 | 0 |
_aDerechos de la mujer _92527 |
|
| 650 | 0 |
_aMujeres en desarrollo _948095 |
|
| 650 | 4 |
_aPlanificación estratégica _92433 |
|
| 710 | 2 |
_aFondo de Naciones Unidas para Actividades en Materia de Población _952170 |
|
| 910 | _aValidado. Control de calidad. EMS | ||
| 942 |
_2ddc _cLBS1 |
||
| 999 |
_c24513 _d24513 |
||